Normal view
MARC view
Entry Personal Name
001 - CONTROL NUMBER
- control field: 64520
003 - CONTROL NUMBER IDENTIFIER
- control field: dpl
005 - DATE AND TIME OF LATEST TRANSACTION
- control field: 20240409153031.0
008 - FIXED-LENGTH DATA ELEMENTS
- fixed length control field: 240409|| aca||aabn | a|a d
040 ## - CATALOGING SOURCE
- Original cataloging agency: dpl
- Transcribing agency: dpl
100 ## - HEADING--PERSONAL NAME
- Personal name: गर्ग सुबोध
670 ## - SOURCE DATA FOUND
- Source citation: Work cat.: (dpl)202031: गर्ग सुबोध, बॉडी लैंग्वेज/, 2021
